Everybody Lies: Big Data, New Data, and What the Internet can tell us about who we really are (Record no. 6385)
[ view plain ]
| 005 - DATE AND TIME OF LATEST TRANSACTION | |
|---|---|
| control field | 20250629140510.0 |
| 020 ## - INTERNATIONAL STANDARD BOOK NUMBER | |
| International Standard Book Number | 978-0-06-239085-1 |
| 082 ## - DEWEY DECIMAL CLASSIFICATION NUMBER | |
| Classification number | 006.312 STE |
| 100 ## - MAIN ENTRY--PERSONAL NAME | |
| Author name | STEPHENS-DAVIDOWITZ, S |
| 245 ## - TITLE STATEMENT | |
| Title | Everybody Lies: Big Data, New Data, and What the Internet can tell us about who we really are |
| 260 ## - PUBLICATION, DISTRIBUTION, ETC. | |
| Place of publication, distribution, etc. | New York |
| Name of publisher, distributor, etc. | Harper Collins Publishers |
| Date of publication, distribution, etc. | 2017. |
| 300 ## - PHYSICAL DESCRIPTION | |
| Extent | xi,338p: ill.; Figures, Pictures |
| Other physical details | Index |
| Dimensions | 21cm |
| 942 ## - ADDED ENTRY ELEMENTS (KOHA) | |
| Source of classification or shelving scheme | Dewey Decimal Classification |
| Koha item type | Books |
| Date last seen | Total checkouts | Full call number | Barcode | Cost, replacement price | Price effective from | Koha item type | Lost status | Source of classification or shelving scheme | Damaged status | Not for loan | Withdrawn status | Home library | Current library | Shelving location | Date acquired | Source of acquisition | Cost, normal purchase price |
|---|---|---|---|---|---|---|---|---|---|---|---|---|---|---|---|---|---|
| 07/02/2025 | 006.312 STE | DOM0003022 | 90000.00 | 07/02/2025 | Books | Dewey Decimal Classification | CBE Dodoma | CBE Dodoma | General Collection | 06/20/2020 | 30000.00 | ||||||
| 06/29/2025 | 006.312 STE | MZA0003006 | 90000.00 | 06/29/2025 | Books | Dewey Decimal Classification | CBE Mwanza | CBE Mwanza | General Collection | 06/20/2020 | Donation from TLSB | 30000.00 |
